Energy efficient refurbishment of community centres (Record no. 115268)

MARC details
000 -LEADER
fixed length control field 01006cam a22002655a 4500
001 - CONTROL NUMBER
control field L158329
008 - FIXED-LENGTH DATA ELEMENTS--GENERAL INFORMATION
fixed length control field 100208s2014 xxko f 000 0 eng d
020 ## - INTERNATIONAL STANDARD BOOK NUMBER
International Standard Book Number 9781848063952
035 ## - SYSTEM CONTROL NUMBER
System control number (Sirsi) u158329
041 0# - LANGUAGE CODE
Language code of text/sound track or separate title eng
050 04 - LIBRARY OF CONGRESS CALL NUMBER
Classification number 531.6 $2 18
100 1# - MAIN ENTRY--PERSONAL NAME
Personal name Weeks, Caroline
245 00 - TITLE STATEMENT
Title Energy efficient refurbishment of community centres
Remainder of title Findings from the U Choose 2 Retrofit scheme in Cornwall
260 ## - PUBLICATION, DISTRIBUTION, ETC.
Place of publication, distribution, etc. Watford
Name of publisher, distributor, etc. BRE
Date of publication, distribution, etc. 2014
300 ## - PHYSICAL DESCRIPTION
Extent 12p.
Other physical details ill.
Dimensions 30cm.
490 #0 - SERIES STATEMENT
Series statement BRE Information Paper
Volume/sequential designation (13/14)
520 ## - SUMMARY, ETC.
Summary, etc. Presents guidance and lessons learned from the refurbishment of several community centres in Cornwall. It provides guidance for the community groups who run their own centres and are looking into potential energy-saving adjustments they can make to their community buildings.
521 ## - TARGET AUDIENCE NOTE
Target audience note Advanced
590 ## - LOCAL NOTE (RLIN)
Local note KA
650 24 - SUBJECT ADDED ENTRY--TOPICAL TERM
Topical term or geographic name entry element ENERGY EFFICIENCY IN BUILDINGS
651 #4 - SUBJECT ADDED ENTRY--GEOGRAPHIC NAME
Geographic name United Kingdom
Chronological subdivision
690 ## - LOCAL SUBJECT ADDED ENTRY--TOPICAL TERM (OCLC, RLIN)
Topical term or geographic name as entry element Energy
9 (RLIN) 6237
700 1# - ADDED ENTRY--PERSONAL NAME
Personal name Sutton, Andy
942 ## - ADDED ENTRY ELEMENTS (KOHA)
Suppress in OPAC 0
Holdings
Withdrawn status Lost status Source of classification or shelving scheme Damaged status Not for loan Home library Current library Shelving location Date acquired Total Checkouts Full call number Barcode Date last seen Copy number Price effective from Koha item type
    Dewey Decimal Classification     London London BRE publications 16/12/2014   BRE 30075310 06/08/2019 1 06/08/2019 Book